| 000 | 01055nam0a2200301 4500 | ||
|---|---|---|---|
| 001 | RU\NLR\BIBL_A\022524612 | ||
| 005 | 20250806211613.0 | ||
| 035 | _a(NLR Aleph) 022524612 | ||
| 090 |
_a88156 _c88156 |
||
| 100 | _a20250417d1941 u y0rusy50 ca | ||
| 101 | 0 | _aarm | |
| 102 | _aAM | ||
| 105 | _ay z 000 y | ||
| 181 | 0 |
_ai _baxxe |
|
| 182 | 0 | _an | |
| 200 | 1 |
_aՍՍՌՄ հիմնական տնտեսական խնդրի մասին _fՅա. Իոֆֆե |
|
| 203 |
_aТекст _bвизуальный _cнепосредственный |
||
| 210 |
_aԵրեվան _bքաղ.գր.պետ.հր. _d1941 |
||
| 215 |
_a87,[1] c. _d20 |
||
| 541 | 1 |
_6z01790 _aОб основной экономической задаче ССР |
|
| 700 | 1 |
_aԻոֆֆե _bՅա. _4700 |
|
| 790 | 0 |
_6z01541 _aИоффе _bЯ.А. _gЯков Абрамович _4700 |
|
| 942 | _cBOOK | ||
| 945 |
_aРоссийская национальная библиотека _aНациональная библиотека Армении |
||
| 980 | _aNB | ||
| 980 | _aBV | ||
| 980 | _aBV | ||